00838nam a22002417a 4500999001500000001000600015003000900021005001700030008004100047020001900088020001500107040003800122082002000160245009800180260005000278300002400328651003200352651003300384651001100417700002000428942001200448952013600460 c2895d289520817BD-DhUAP20200229135455.0200229s1999 ii ||||| |||| 00| 0 eng d a9780195646580  a0195646584 aBD-DhUAPbEngcBD-DhUAPdBD-DhUAP 223a954.025 MED aMedieval India 1 : bresearches in the history of India 1200-1750 / cEdited by Irfan Habib. aNew Delhi : bOxford University Press,c1999. a224 pages ;c22 cm. aIndia vHistoryy1000-1526. aIndia vHistory y1526-1765. aIndia. a Habib, Irfan. 2ddccBK 00102ddc4070aUAPCLbUAPCLcGeneral Stacksd2020-02-29l1m1o954.025 MEDp3010020817r2024-01-14s2023-03-28t1w2020-02-29yBK